Drapeaux Amérique - Statistiques

Statistiques générales
  • Ce quiz a été pris 19 fois
    15 depuis la dernière actualisation
  • Le résultat moyen est 39 sur 56
Statistiques - réponses
Par images Réponse % Correct
Argentine
100%
Brésil
100%
Canada
100%
Équateur
100%
États-Unis
100%
Jamaïque
100%
Mexique
100%
Antigua-et-Barbuda
75%
Bahamas
75%
Barbade
75%
Belize
75%
Bolivie
75%
Chili
75%
Colombie
75%
Costa Rica
75%
Cuba
75%
Dominique
75%
Grenade
75%
Guatemala
75%
Guyana
75%
Guyane
75%
Haïti
75%
Honduras
75%
Martinique
75%
Nicaragua
75%
Panama
75%
Paraguay
75%
Pérou
75%
République Dominicaine
75%
Saint-Christophe-et-Niévès
75%
Sainte-Lucie
75%
Saint-Vincent-et-les-Grenadines
75%
Salvador
75%
Suriname
75%
Trinité-et-Tobago
75%
Uruguay
75%
Venezuela
75%
Anguilla
50%
Aruba
50%
Bermudes
50%
Bonaire
50%
Curaçao
50%
Géorgie du Sud
50%
Guadeloupe
50%
Îles Caïmans
50%
îles Malouines
50%
Îles Turques-et-Caïques
50%
Îles Vierges britanniques
50%
Îles Vierges des États-Unis
50%
Montserrat
50%
Porto Rico
50%
Saba
50%
Saint-Barthélemy
50%
Saint-Eustache
50%
Saint-Pierre-et-Miquelon
50%
Sint Maarten
50%
Aucun quiz correspondant
Distribution des résultats
% des personnes avec chaque résultat
Percentile par nombre de réponses
Votre historique - résultats
Vous n’avez pas pris ce quiz depuis la dernière actualisation